Statistics for Guess the countries of the balkan

Click here to take the quiz!

General Stats

  • This quiz has been taken 39 times
  • The average score is 11 of 12

Answer Stats

teritory of balkanAnswer% Correct
100%albania
97%
100%bosnia and herzegovina
97%
63%croatia
97%
28%romania
97%
71%serbia
97%
100%bulgaria
94%
100%montenegro
91%
100%north macedonia
91%
98%greece
89%
100%kosovo
89%
61%slovenia
89%
11%turkey
86%

Score Distribution

Percentile by Number Answered

Percent of People with Each Score

Your Score History

You have not taken this quiz